[Event "Hengelo U12 op"]
[Site "Hengelo"]
[Date "2005.08.09"]
[Round "3"]
[White "Van Egdom, Mandy"]
[Black "Van Heck, Wesley"]
[Result "0-1"]
[WhiteElo "1175"]
[BlackElo "1448"]
[PlyCount "76"]
[EventDate "2005.08.??"]
[EventType "swiss"]
[EventRounds "13"]
[EventCountry "NED"]
[SourceTitle "CBM 107 Extra"]
[Source "ChessBase"]
[SourceDate "2005.09.01"]
[SourceVersion "1"]
[SourceVersionDate "2005.09.01"]
[SourceQuality "1"]

1. e4 e5 2. Nc3 Nf6 3. Bc4 Nxe4 4. Nxe4 d5 5. Bxd5 Qxd5 6. Qf3 Nd7 7. Ne2 Bb4 8. c3 Ba5 9. b4 Bb6 10. a4 a5 11. bxa5 Bxa5 12. Ba3 Bb6 13. Bb4 c5 14. Ba3 Rxa4 15. d3 0-0 16. 0-0 Qb3 17. Rfb1 Rxa3 18. Nd2 Qa4 19. Rxa3 Qxa3 20. h3 Qa2 21. Qe3 c4 22. Qg5 h6 23. Qg4 Qxd2 24. Ng3 Bxf2+ 25. Kf1 Bxg3 26. Qxg3 Qxd3+ 27. Qxd3 cxd3 28. Rd1 e4 29. h4 Nc5 30. g4 e3 31. Ke1 Bxg4 32. Rb1 d2+ 33. Kf1 e2+ 34. Kf2 d1Q 35. Rxd1 exd1Q 36. h5 Qf3+ 37. Kg1 Bh3 38. c4 Qg2# 0-1

[Event "NED-ch U13 Girls"]
[Site "Rijswijk"]
[Date "2005.05.07"]
[Round "7"]
[White "Van Egdom, Mandy"]
[Black "Messelink, Daphne"]
[Result "1/2-1/2"]
[WhiteElo "1230"]
[BlackElo "1031"]
[PlyCount "140"]
[EventDate "2005.05.05"]
[EventType "swiss"]
[EventRounds "9"]
[EventCountry "NED"]
[SourceTitle "EXT 2013"]
[Source "ChessBase"]
[SourceDate "2012.11.22"]
[SourceVersion "1"]
[SourceVersionDate "2012.11.22"]
[SourceQuality "1"]

1. e4 e5 2. Nc3 Nf6 3. Bc4 Nxe4 4. Nxe4 d5 5. Bb5+ c6 6. Nc3 cxb5 7. Nxb5 Nc6 8. d3 Bf5 9. Nf3 Bc5 10. Be3 d4 11. Bd2 0-0 12. Qe2 Re8 13. 0-0 e4 14. dxe4 Rxe4 15. Qd1 Qf6 16. Re1 Rae8 17. Nc7 Rxe1+ 18. Nxe1 Re4 19. f3 Rh4 20. Nd3 Qe7 21. Nd5 Qd6 22. N5f4 Bxd3 23. cxd3 Qh6 24. Nh3 Qh5 25. f4 Qxd1+ 26. Rxd1 Bb4 27. Bxb4 Nxb4 28. Rc1 h6 29. Rc4 Nc6 30. Rc1 Rh5 31. Rf1 Nb4 32. Rd1 Nxa2 33. Ra1 Nb4 34. Rxa7 Rb5 35. Ra3 b6 36. g4 Ra5 37. Rb3 Rb5 38. g5 Kh7 39. gxh6 Kxh6 40. Ng5 Kg6 41. Ne4 Kh5 42. Nd6 Rd5 43. Nxf7 Nc6 44. Rxb6 Ne7 45. Rd6 Rb5 46. Rxd4 Rxb2 47. Rd7 Nf5 48. Rd5 Kg4 49. Nd6 Ne3 50. Rg5+ Kf3 51. Kh1 Kf2 52. Ne4+ Kf3 53. Rxg7 Nf5 54. Rg5 Nd4 55. h4 Kxf4 56. Rg2 Rb3 57. h5 Rb8 58. h6 Rh8 59. Rh2 Kf5 60. h7 Kg6 61. Kg2 Nb3 62. Kf3 Nc1 63. d4 Nb3 64. d5 Na5 65. d6 Nb7 66. d7 Rxh7 67. Rxh7 Kxh7 68. Nc5 Nd8 69. Nb7 Nxb7 70. d8Q Nxd8 1/2-1/2

[Event "NED-ch U13 Girls"]
[Site "Rijswijk"]
[Date "2005.05.06"]
[Round "6"]
[White "Warmelink, Evie"]
[Black "Van Egdom, Mandy"]
[Result "1-0"]
[WhiteElo "1411"]
[BlackElo "1230"]
[PlyCount "133"]
[EventDate "2005.05.05"]
[EventType "swiss"]
[EventRounds "9"]
[EventCountry "NED"]
[SourceTitle "EXT 2013"]
[Source "ChessBase"]
[SourceDate "2012.11.22"]
[SourceVersion "1"]
[SourceVersionDate "2012.11.22"]
[SourceQuality "1"]

1. e4 e5 2. Nc3 Nc6 3. Bc4 Nf6 4. Nf3 Bb4 5. d3 d6 6. 0-0 Bg4 7. Be3 0-0 8. h3 Bh5 9. a3 Ba5 10. Qe2 Nd4 11. Bxd4 exd4 12. Nd5 Re8 13. Nf4 Bb6 14. Nxh5 Nxh5 15. Qd2 Qf6 16. Qg5 Qg6 17. Qxg6 hxg6 18. Rfe1 c6 19. Ng5 Rf8 20. Rad1 Rad8 21. Bb3 d5 22. exd5 cxd5 23. Re7 Rfe8 24. Rde1 Nf6 25. Nxf7 Kf8 26. Rxe8+ Rxe8 27. Rxe8+ Kxe8 28. Ng5 Ba5 29. Ne6 Bb6 30. Nf4 Ba5 31. Bxd5 Nxd5 32. Nxd5 Bd2 33. Nc7+ Kd7 34. Nb5 Bc1 35. b3 a6 36. Nxd4 Bxa3 37. Kf1 Kd6 38. Ke2 Kc5 39. Ne6+ Kb4 40. Kd2 Bb2 41. d4 Bc3+ 42. Kd3 Be1 43. f3 Ka3 44. d5 Bg3 45. f4 Bh4 46. d6 Be1 47. d7 Ba5 48. d8Q Bxd8 49. Nxd8 b6 50. Ne6 a5 51. Nxg7 b5 52. f5 gxf5 53. Nxf5 a4 54. bxa4 bxa4 55. Nd4 Kb2 56. Nb5 Ka2 57. h4 Kb2 58. h5 a3 59. Nxa3 Kxa3 60. h6 Ka2 61. h7 Kb1 62. h8Q Ka2 63. Qb8 Ka1 64. Qb4 Ka2 65. c3 Ka1 66. Kc2 Ka2 67. Qb2# 1-0